00492nam a2200193Ia 4500003000900000008004100009040001300050040001300063041000800076100001600084245011800100250001100218260001300229260000900242300001100251300001000262490002000272490000600292IT-RoPAU120407s9999 xx 000 0 und d aIT-RoPAU cIT-RoPAU aita aOmar Carena aLa comunicazione non-verbale nella Bibbia. Un approccio semiotico al ciclo di Elia ed Eliseo: 1Re 16,29-2Re 13,25 aTorino aMarietti c1981 a158 p. c24 cm aCollana Biblica v1